000 00587nam a2200217Ia 4500
003 OSt
005 20220926043826.0
006 a|||||r|||| 00| 0
007 ta
008 220923b |||||||| |||| 00| 0 eng d
037 _cGeneral Book
040 _aRTL
_cRTL
_beng
041 _2eng
_aeng
082 _aY7611S:3:N5, K3
100 _aGray Robert F
_9153215
245 0 _aSonjo of Tanganyika
_b An anthropological study of a
260 _c1963
650 _aAfrican Society
942 _hY7611S:3:N5, K3
_cGB
_2CC
999 _c673306
_d673306